Nottinghamshire A-Z - Statistics

General Stats
  • This quiz has been taken 55 times
    41 since last reset
  • The average score is 15 of 26
Answer Stats
Hint Answer % Correct
F Football team Nottingham {Forest}
97%
Y Bordering county Yorkshire
94%
B Pharmacy founded in Nottingham in 1849 Boots
92%
M Second-largest settlement Mansfield
92%
R Legendary outlaw; depicted on the county's flag Robin Hood
92%
S Home of R Sherwood Forest
86%
T River that crosses the county Trent
86%
Q Religious movement born in M Quakerism
78%
J Pub which claims to be England's oldest Ye Olde Trip to {Jerusalem}
78%
G Fun fair held annually in Nottingham since 1284 Goose Fair
69%
N Market town on the T; besieged in the Civil War Newark
69%
V Nottingham shopping centre Victoria Centre
67%
I Painkiller discovered by B in 1961 Ibuprofen
64%
K Town home to Newstead Abbey {Kirkby}-in-Ashfield
61%
O Resource extracted near N in the 20th century Oil
56%
L Writer of Lady Chatterley's Lover, born in Eastwood D. H. Lawrence
53%
A Town north of Nottingham; where Luddism began Arnold
44%
W Manufacturing town in the northwest Worksop
44%
X On Lister Gate is a memorial to busker Frank Robinson, aka "________ Man" Xylophone
36%
H Condiment invented by a Nottingham grocer HP Sauce
28%
P Village home to a pumping-station museum Papplewick
25%
Z Canal-side hamlet on the border with Leicestershire Zouch
25%
C Gorge on the Derbyshire border home to Ice Age cave art Creswell Crags
14%
E Village near S; named for a Northumbrian king Edwinstowe
14%
D Area named for its aristocratic estates; coal-mining centre in the 20th century The {Dukeries}
11%
U Hilltop village located between the Derbyshire border and the M1 Underwood
3%
No matching quizzes found
Score Distribution
Percent of People with Each Score
Percentile by Number Answered
Your Score History
You have not taken this quiz since the last reset